000 00411nam a2200169Ia 4500
005 20240823011510.0
008 240823s9999||||xx |||||||||||||| ||und||
082 _A621.382 P0
100 _a"Kolimbiris,Harold"
245 0 _aDigital Communications Systems
250 _a1st
260 _c2000
_b"Pearson,Singapore"
500 _aYES
650 _aElectronics
_bElectronics
942 _cBK
999 _c161712
_d161712